00723nam a2200205 a 450000100060000000300090000600800410001502000150005604000280007108200260009910000580012524500560018326000300023950501430026965000160041265000280042865000320045694200120048899900170050015084CO-ViMGA141112s2004 ck r 000 u spa d a9580447470 aCO-ViMGAbspacCO-ViMGA04a741.07 bG874e mV. 81 aGutierrez Echeverri, Natali; Gary Gari, Muriel91126010aExpresArte 8 : bTecnicas, diseño, dibujo y color aBogotá, cNorma, c2002 aPerspectiva y profundidad, las tizas, los pasteles, las acuarelas, las diferencias cromáticas, la composición, contrastes ExpresArte 814aARTE91125714aCOLOR EN EL ARTE91125814aDIBUJO - ENSEÑANZA911259 2ddccBK c25504d25504